| 000 | 00446cam a2200169ua 4500 | ||
|---|---|---|---|
| 041 |
_aeng _h |
||
| 082 |
_a630.7 _bPRA/50 |
||
| 100 | _aParoda, R S. | ||
| 245 |
_a50 years fo crop science research in India / _cR S Paroda. _hTextual Documents |
||
| 250 |
_a1 / _b. |
||
| 260 |
_aNew Delhi : _bIndian Council for Agricultural Research , _c1996. |
||
| 300 | _a796 ; . | ||
| 500 | _a19539 Ref | ||
| 504 | _a | ||
| 942 | _cBK | ||
| 999 |
_c6821 _d6821 |
||